| 000 | 01272nas a2200337 i 4500 | ||
|---|---|---|---|
| 001 | 2886 | ||
| 003 | ES-MaACL | ||
| 005 | 20250721062548.0 | ||
| 007 | t| | ||
| 008 | 030623c1995 sp m| | 0 ||pa d | ||
| 022 | _a1138-9540 | ||
| 080 | _a33 | ||
| 080 | _a351 | ||
| 080 | _a657 | ||
| 245 | 0 | 0 |
_aEstudios financieros. _pRevista de contabilidad y tributación. _pComentarios, casos prácticos. |
| 260 |
_aMadrid : _bCentro de Estudios Financieros, _c1995- |
||
| 300 |
_a46 v. ; _c24 cm. |
||
| 310 | _aMensual | ||
| 362 | 0 | _aN. 149/150 (ag./sept. 1995)- | |
| 650 | 1 | 7 |
_aEconomía _2embne _912006 |
| 650 |
_aLegislación administrativa. _914074 |
||
| 650 | 1 | 4 |
_aContabilidad. _911307 |
| 655 | 7 |
_2tgfbne _9226866 _aRevistas |
|
| 710 | 2 |
_aCentro de Estudios Financieros. _92630 |
|
| 780 | 0 | 0 | _tEstudios financieros. Revista de contabilidad y tributación |
| 852 |
_aES-MaACL _jHEM-H-467 _dOlim: Hem-2080 _92996 _cHEM _zExpurgada marzo 2025: posterior 1958; sin encuadernar; en acceso abierto; disponible en otras bibliotecas. |
||
| 856 |
_uhttps://revistas.cef.udima.es/index.php/RCyT/issue/archive/ _yRevista de Contabilidad y Tributación. Centro de Estudios Financieros. |
||
| 866 | 0 | _o2003-2013 (2014). | |
| 942 | _2udc | ||
| 999 |
_c2886 _d2886 |
||